| 000 | 00405ntaaa2200169 4500 | ||
|---|---|---|---|
| 003 | 01 | ||
| 005 | 20251027201934.0 | ||
| 008 | 0714s1973 ag 01 | ||
| 040 |
_aAR-BaBN _bspa _cAR-BaBN _eaacr _dRIC |
||
| 082 | _a245.0000 C16 | ||
| 100 |
_aCanzoneri, Antonina _917961 |
||
| 245 | _aLetter home | ||
| 250 |
_a1 ed. : _bBroadman Press, _cc/959 |
||
| 300 | _a63 p. | ||
| 650 |
_aPoesÃas _916354 |
||
| 942 | _cBK | ||
| 999 |
_c14111 _d14111 |
||